000 00491nam a2200181Ia 4500
001 21398
005 20260306172916.0
008 260306t2016||||xx |||||||||||||| ||spa||
041 _aESP
082 _a344.83
_bH96T
100 _aHurtado Pozo, José
_eAUT
245 0 _aTemas de derecho penal económico:
_bempresa y compliance: anuario de derecho penal 2013-2014
260 _c2016
300 _a525 páginas :
_c23 cm.
650 _aGEN
654 _aCDE
942 _cLIB
_dJUS
_fJUS
_2ddc
_n
999 _c21398
_d21398